| Tag |
First Indicator |
Second Indicator |
Subfields |
| LEADER |
00000cam a2200000Ia 4500 |
| 001 |
in00004499331 |
| 005 |
20191203131218.0 |
| 008 |
040603s2004 mau b 001 0 eng |
| 020 |
|
|
|a 1930624441
|
| 035 |
|
|
|a (OCoLC)ocm55538800
|
| 035 |
|
|
|z (UtOrBLW)37126
|
| 035 |
|
|
|a 53959
|
| 040 |
|
|
|a VYC
|c VYC
|d UtOrBLW
|
| 049 |
|
|
|a TMVM
|c 1
|
| 060 |
|
4 |
|a W 32.5 AA1
|b D923p 2004
|
| 100 |
1 |
|
|a Dunn, Cynthia McGuire.
|
| 245 |
1 |
0 |
|a Protecting study volunteers in research :
|b a manual for investigative sites /
|c Cynthia McGuire Dunn, Gary L. Chadwick.
|
| 250 |
|
|
|a Third edition.
|
| 264 |
|
1 |
|a Boston, MA :
|b Thomson CenterWatch,
|c [2004]
|
| 264 |
|
4 |
|c ©2004
|
| 300 |
|
|
|a 383 pages ;
|c 23 cm.
|
| 336 |
|
|
|a text
|2 rdacontent
|b txt
|
| 337 |
|
|
|a unmediated
|2 rdamedia
|
| 338 |
|
|
|a volume
|2 rdacarrier
|b nc
|
| 500 |
|
|
|a Includes Examination answer sheet and Evaluation form (folded) at end.
|
| 504 |
|
|
|a Includes bibliographical references (pages 181-187) and index.
|
| 505 |
0 |
|
|a Historical perspectives on human subject research -- Ethics and federal regulations -- Roles and responsibilities of institutions in human subject research -- Roles and responsibilities of the investigator and the study process -- FDA-regulated research -- Behavioral research issues -- Publication of study results -- Conflicts of interest in research -- Informed consent - beyond the basics -- Community-based qualitative research -- Ethical issues in genetic research -- Special ethical concerns in clinical research -- Participant recruitment and retention in clinical trials -- Research with secondary subjects, tissue studies and records reviews -- Implementing the HIPAA privacy rule in research
|
| 610 |
1 |
0 |
|a United States.
|b Food and Drug Administration.
|
| 650 |
|
2 |
|a Human Experimentation
|x legislation & jurisprudence.
|
| 650 |
|
2 |
|a Research
|x legislation & jurisprudence.
|
| 650 |
|
2 |
|a Ethics, Institutional.
|
| 650 |
|
2 |
|a Ethics, Research.
|
| 650 |
|
2 |
|a Research Subjects.
|
| 651 |
|
2 |
|a United States.
|
| 700 |
1 |
|
|a Chadwick, Gary.
|
| 948 |
|
|
|a PO 8577
|
| 999 |
|
|
|a MARS
|
| 999 |
f |
f |
|s 6262534f-2c7b-3c3d-b711-9b924072da7e
|i e689b400-893a-3855-8347-52ccb600c104
|t 0
|
| 952 |
f |
f |
|p ric
|a Texas A&M University
|b Rellis Campus
|c Joint Library Facility
|d Remote Storage
|t 0
|e W 32.5 AA1 D923p 2004
|h National Library of Medicine classification
|i unmediated -- volume
|m 323890187249D
|
| 998 |
f |
f |
|a W 32.5 AA1 D923p 2004
|t 0
|l Remote Storage
|